Saint Joan: A Chronicle Play in Six Scenes and an Epilogue

Sábháilte in:
Sonraí bibleagrafaíochta
Príomhchruthaitheoir: Shaw, Bernard
Formáid: LEABHAR
Teanga:Undetermined
Foilsithe / Cruthaithe: Alemania Leipzig 1938
Eagrán:20
Ábhair:
Clibeanna: Cuir clib leis
Níl clibeanna ann, Bí ar an gcéad duine le clib a chur leis an taifead seo!

MARC

LEADER 00000nam a2200000Ia 4500
008 170316s9999 xx 000 0 und d
999 |c 22628  |d 22628 
040 |a cru BVZT 
090 |a 800-Ir S-2s 
100 |a Shaw, Bernard 
245 |a Saint Joan: A Chronicle Play in Six Scenes and an Epilogue 
250 |a 20 
260 |a Alemania 
260 |b Leipzig 
260 |c 1938 
300 |a 254 páginas 
650 |a LITERATURA IRLANDESA 
650 |a EN IDIOMA INGLÉS  |9 129 
650 |a OBRA DE TEATRO 
942 |c 15 D  |h 800-Ir S-2s  |2 z